00945 a2200193 45000010006000000050017000060080041000230030015000640400040000790800100001192450113002190200022003322640043003543000019003975050190004160410008006061000024006148560113006382871520260407155557.0260407a2013 arg spa dAR-UNSa-BCEJYS aAR-UNSa-BCEJYSbspacAR-UNSa-BCEJYS a174:65xEtica en gestión y organización de la industria (Responsabilidad Social Empresaria)10aEtica para empresariosppor qué las empresas y los países ganan con la responsabilidad social empresaria a978-987-502-352-9 1aBuenos Aires :bEdición Distalc2013 a254 p.c20 cm. a1. La discución sobre la responsabilidad social empresaria(RSE) - 2. La agenda de la RSE - 3. ¿La empresa gana con la RSE? - 4. Temas candentes en RSE - 5. La RSE en América Latina aspa1 aKliksberg, Bernardo41uhttps://biblioeco.unsa.edu.ar/pmb/images/libros/Bernardo Klisberg-l125012.jpgyImagen de portadaqimage/jpeg